Due - Elodie (testo) - Statistics

Statistiche generali
  • Questo quiz è stato fatto 78 volte
  • Il punteggio medio è 216 su 322
Statistiche sulle risposte
Risposta % Corretto
mi
98%
Mi
98%
Per
98%
Tu
98%
tu
98%
È
96%
è
96%
E
96%
le
96%
Le
96%
o
96%
a
94%
due
94%
Due
94%
mie
92%
sono
92%
La
90%
me
90%
che
88%
Che
88%
di
88%
Di
88%
Ma
88%
ma
88%
tue
88%
cose
86%
fa
86%
se
86%
c'è?
82%
C'è
82%
c'è
82%
come
82%
"Come
82%
Cosa
82%
il
82%
In
82%
si
82%
Lacrime
80%
lacrime
80%
te
78%
te,
78%
con
76%
Con
76%
un
76%
gli
73%
mai?"
73%
non
73%
ti
73%
su
71%
occhi
69%
una
69%
Una
69%
amore
65%
fai
65%
male
65%
Tutte
65%
tutte
65%
ci
63%
Dimmi,
61%
già
61%
va
61%
nostro
59%
donna
57%
io
57%
rumore
57%
anche
55%
cerchi,
55%
interrotte?
55%
lucidi
55%
nostre
55%
pensi
55%
silenzio
55%
vuoi
55%
alla
53%
finire?
53%
paure
53%
Sai
53%
dal
51%
finito
51%
perdonami
51%
più
51%
quest'ora
51%
telefonate
51%
volte
51%
cuore
49%
fine
49%
fulmini
49%
'sto
49%
aspetti
47%
Baby,
47%
lo
47%
agitare
45%
appena
45%
basta
45%
brivido
45%
danza
45%
nato
45%
questa
45%
facile
43%
mia
41%
notte
41%
parola
41%
periodo
41%
velo
41%
sottile
39%
Sei
37%
solo
37%
casa
35%
sotto
35%
stanotte
35%
dirti
33%
Nascoste
31%
Sapessi
31%
della
29%
gente
29%
Niagara
29%
Parolacce
29%
adesso
27%
Ah
27%
Ah,
27%
ah,
27%
ah
27%
bocca
27%
ubriaca
27%
amara
24%
eh,
24%
eh
24%
Nei
24%
rifarei
24%
Solamente
24%
sulla
24%
vino
24%
ancora
22%
avvolgono
22%
discorsi
22%
Forse
22%
stesso
22%
stonata
22%
errori,
20%
nota
20%
stessi
20%
cade
16%
Dagli
16%
ogni
16%
coltellata
14%
tardi
14%
vero,
12%
accorgo
10%
Nessun quiz corrispondente trovato
Distribuzione punteggi
Percentuale di utenti per punteggio
Percentile per numero di risposta
I tuoi punteggi nel tempo
Non hai fatto questo quiz